| 000 | 00811nam a22002177a 4500 | ||
|---|---|---|---|
| 999 |
_c4235 _d4235 |
||
| 003 | AR-CdUCM | ||
| 008 | 190308b ||||| |||| 00| 0 spa d | ||
| 040 |
_aMUNICIPALIDAD PROVINCIAL DEL CUSCO _cBIBLIOTECA MUNICIPAL DEL CUSCO |
||
| 082 |
_a759.985 / _bSA12 |
||
| 245 |
_aExposición homenaje : _bJosé Sabogal / |
||
| 260 |
_aLima : _bInstituto Nacional de Cultura : _bBanco Industrial del Perú, _c1982. |
||
| 300 |
_a[s.n] ; _c21 cm. |
||
| 505 | _aContenido: José Sabogal -- Pinturas -- Cuadros ... | ||
| 650 |
_aJosé Sabogal - Exposición de pinturas _913399 |
||
| 650 |
_aPintores - Exposiciones _913400 |
||
| 650 |
_aJosé Sabogal - Biografía (Breve) _913401 |
||
| 710 |
_aInstituto Nacional de Cultura _99 |
||
| 710 |
_aBanco Industrial del Perú _99447 |
||
| 942 |
_2ddc _cLIBROS |
||
| 945 | _alccs | ||